00644 2200241 4500001002100000005001700021008004100038020002200079020001800101035002400119040001200143082001000155084002000165100001600185245005600201250001000257260003100267300003200298504002600330650001400356850001200370990002000382INLIS00000000002349920161025083914.0  a978-979-22-9356-2 a979-672-219-4 0010-101600000000451 aYOPDYOG a155.2 aDEP 155.2 Rog E aE. Rogacion aEnneagram Timur : 9 Tipe kepribadianc/ E. Rogacion aCet.1 aYogyakartabKanisiusc1998 a171 hlm.b: ilus.c; 21 cm. aBibliografi: hlm. 171 aPsikologi aYOPDYOG aCB-D.11/1998-97